00498njm a2200157 i 4500001001100000003000500011005001700016008004100033040002500074245001300099264007000112336002100182337002500203338002300228500008900251C2-0217777PPAK20180729152036.0990707s1984 my |||| ||||| | may d aPPAKbengcPPAKerda00aSABERKAS 1aAlor Setar, Kedah : bPerbadanan Perpustakaan Awam Kedah , c1984 2rdacontentatext 2rdamediaaunmediated 2rdacarrieravolume adirakam pada 8/1/84 ; Mempunyai transkripsi ; Temubual dengan Hajjah Balkis Abdullah